000 00731nam a2200217 u 4500
001 000457267
003 AM-YeHGA
005 20250617133511.0
008 051011s1980 ||| r 000 0 rus d
040 _aAM-YeHGA
041 1 _arus
_hchv
100 1 _aУхсай, Яков Гаврилович
245 1 0 _aЗемля :
_bПоэма /
_cЯков Ухсай; Пер. с чуваш. В. Цыбина.
260 _aМосква :
_bСовременник,
_c1980.
300 _a175 с.
_bпортр.
440 0 _aРоссийская поэма
650 1 4 _aЧувашская литература
653 0 _aЧувашская поэзия
700 1 _aЦыбин, Владимир.
_eпер.
_4trl
090 _c167689
999 _c166262
_d166262